- Mosztyepanyenko, M. V.: Einstein relativitáselméletének materialista lényege. Moszkva, 1962. 226 p.

Elmentve itt :
Bibliográfiai részletek
Szerző: Müller Antal
Adatforrás:Philobibl
Forrásdokumentuma:Magyar Filozófiai Szemle 8
1964/4., 792-795. p.
Dokumentumtípus: Cikk
Nyelv:magyar
LEADER 00368nab a2200097 c 4500
001 bibDOK00007418
005 20200924120321.8
008 060518s1964 hu hun
100 1 |a Müller Antal 
245 1 0 |a - Mosztyepanyenko, M. V.: Einstein relativitáselméletének materialista lényege. Moszkva, 1962. 226 p.  |c Müller Antal 
773 0 |t Magyar Filozófiai Szemle 8  |g 1964/4., 792-795. p.